|
|
|
|
| LEADER |
00000nam2a2200000 4500 |
| 001 |
301633 |
| 005 |
20231102001424.0 |
| 035 |
|
|
|a (RuTPU)RU\TPU\book\326809
|
| 035 |
|
|
|a RU\TPU\book\326764
|
| 090 |
|
|
|a 301633
|
| 100 |
|
|
|a 20150811d1983 k y0rusy50 ca
|
| 101 |
0 |
|
|a rus
|
| 102 |
|
|
|a RU
|
| 105 |
|
|
|a y z 001zy
|
| 200 |
0 |
|
|a Т. 27
|
| 210 |
|
|
|d 1983
|
| 215 |
|
|
|a 82 с.
|
| 320 |
|
|
|a Библиография в конце работ
|
| 461 |
|
1 |
|0 (RuTPU)RU\TPU\book\176998
|x 0202-7410
|t Разработка месторождений твердых полезных ископаемых
|f Академия наук СССР, Всесоюзный институт научной и технической информации
|v Т. 27
|d 1963-1992
|s Разработка месторождений твердых полезных ископаемых
|
| 606 |
1 |
|
|a Твердые полезные ископаемые
|x Добыча
|2 stltpush
|3 (RuTPU)RU\TPU\subj\58605
|9 76377
|
| 610 |
1 |
|
|a угольные карьеры
|
| 610 |
1 |
|
|a горная техника
|
| 610 |
1 |
|
|a карьерное оборудование
|
| 610 |
1 |
|
|a зарубежный опыт
|
| 610 |
1 |
|
|a транспортное оборудование
|
| 610 |
1 |
|
|a вспомогательное оборудование
|
| 610 |
1 |
|
|a циклично-поточные технологии
|
| 610 |
1 |
|
|a добыча
|
| 610 |
1 |
|
|a уголь
|
| 610 |
1 |
|
|a руда
|
| 610 |
1 |
|
|a открытые работы
|
| 675 |
|
|
|a 622.33
|v 4
|
| 702 |
|
1 |
|a Докукин
|b А. В.
|4 651
|
| 801 |
|
1 |
|a RU
|b 63413507
|c 20140424
|
| 801 |
|
2 |
|a RU
|b 63413507
|c 20210218
|g RCR
|
| 942 |
|
|
|c BK
|